[Event "8th ch-Euro"]
[Site "Dresden GER"]
[Date "2007.04.07"]
[Round "5"]
[White "Fink,L"]
[Black "Rocha,S"]
[Result "0-1"]
[WhiteElo "2064"]
[BlackElo "2400"]
[EventDate "2007.04.03"]

1. e4 c5 2. Nf3 d6 3. c3 Nf6 4. Be2 Nbd7 5. d3 b6 6. O-O Bb7 7. Re1 g6 8.
Bf1 Bg7 9. a4 a6 10. Nbd2 O-O 11. d4 e5 12. dxe5 dxe5 13. Qc2 Qc7 14. Bc4
Bc6 15. Qb3 Bh6 16. h4 Qb7 17. Nf1 Bxc1 18. Raxc1 b5 19. axb5 axb5 20. Be2
c4 21. Qb4 Bxe4 22. Ra1 Qc6 23. Qe7 Rae8 24. Qa3 Nc5 25. Qa7 Nfd7 26. Qa5
Nb3 0-1

[Event "8th ch-Euro"]
[Site "Dresden GER"]
[Date "2007.04.07"]
[Round "5"]
[White "Martinovic,Sa"]
[Black "Bruned,B"]
[Result "1-0"]
[WhiteElo "2378"]
[BlackElo "2211"]
[EventDate "2007.04.03"]

1. Nf3 Nf6 2. g3 b5 3. Bg2 Bb7 4. O-O e6 5. d3 Be7 6. e4 d6 7. h3 O-O 8.
Nh2 Nfd7 9. c3 c5 10. f4 Nb6 11. Qe2 N8d7 12. g4 Re8 13. f5 exf5 14. gxf5
Bf6 15. Bf4 d5 16. Nd2 b4 17. Rac1 Na4 18. Nb1 bxc3 19. bxc3 dxe4 20. dxe4
Qb6 21. Qc2 c4+ 22. Kh1 Nac5 23. Nd2 Qa6 24. Rb1 Bc6 25. Ng4 Nd3 26. a3
Rac8 27. Be3 Ba4 28. Nxf6+ Nxf6 29. Qa2 Bc6 30. Bd4 Nxe4 31. Nxe4 Bxe4 32.
Bxe4 Rxe4 33. Bxg7 Qc6 34. Qg2 Rf4 35. Qxc6 Rxc6 36. Rg1 Nf2+ 37. Kh2 Ng4+
38. Rxg4 Rxg4 39. f6 Rxf6 40. Bxf6 1-0

[Event "8th ch-Euro"]
[Site "Dresden GER"]
[Date "2007.04.07"]
[Round "5"]
[White "Richter,Mic"]
[Black "Siedentopf,D"]
[Result "1-0"]
[WhiteElo "2396"]
[BlackElo "2178"]
[EventDate "2007.04.03"]

1. d4 f5 2. g3 Nf6 3. Bg2 g6 4. Nh3 Bg7 5. Nf4 Nc6 6. O-O e5 7. dxe5 Nxe5
8. Nd3 d6 9. Nxe5 dxe5 10. Qxd8+ Kxd8 11. Rd1+ Ke7 12. b3 e4 13. Bb2 Be6
14. c4 Rad8 15. Nc3 c6 16. Na4 Nh5 17. f3 Bxb2 18. Nxb2 Nf6 19. Kf2 g5 20.
Na4 b6 21. Nc3 Rdf8 22. fxe4 Ng4+ 23. Kg1 f4 24. c5 fxg3 25. hxg3 Ne5 26.
cxb6 axb6 27. Na4 h5 28. Rf1 Rfg8 29. Nxb6 h4 30. gxh4 gxh4 31. Kh1 Rg3 32.
Nc4 Bxc4 33. bxc4 Rhg8 34. Rf2 Nxc4 35. Bf3 h3 36. a4 Ne5 37. a5 c5 38. a6
c4 39. a7 Ra8 40. Rff1 Rg7 41. Rfb1 Kd6 42. Ra6+ Kc7 43. Kh2 Kc8 44. Rba1
Kb7 45. Bh1 Ng4+ 46. Kg3 Ne5+ 47. Kf4 Re7 48. Kf5 Rf8+ 49. Rf6 Rfe8 50. Kf4
Ka8 51. Ra5 c3 52. Rc5 Kxa7 53. Rxc3 h2 54. Rh3 Rg8 55. Bf3 Kb7 56. Rxh2
Kc7 57. Rh5 Nd7 58. Ra6 Rge8 59. Rf5 Ne5 60. Bh5 Ng6+ 61. Rxg6 Rxe4+ 62.
Kg5 Re3 63. Bf3 R8e7 64. Ra5 R3e5+ 65. Rxe5 Rxe5+ 66. Kf4 1-0

[Event "8th ch-Euro"]
[Site "Dresden GER"]
[Date "2007.04.07"]
[Round "5"]
[White "Schmidt,Rau"]
[Black "Wichmann,C"]
[Result "0-1"]
[WhiteElo "1979"]
[BlackElo "2419"]
[EventDate "2007.04.03"]

1. e4 e6 2. d4 d5 3. Nd2 c5 4. exd5 exd5 5. Ngf3 c4 6. c3 Nc6 7. b3 cxb3 8.
axb3 Bd6 9. Bd3 Nge7 10. Qc2 Bg4 11. O-O Rc8 12. Qb1 Bh5 13. Re1 Qc7 14.
Ba3 Bxa3 15. Rxa3 Bg6 16. Bxg6 hxg6 17. c4 O-O 18. Ne5 Qb6 19. Nxc6 Nxc6
20. cxd5 Nxd4 21. Nc4 Qc5 22. Ra5 b5 23. Ne3 Rc7 24. b4 Qd6 25. Qb2 Qe5 26.
Qa1 Rfc8 27. Ra2 Qf4 28. h3 Nb3 29. Qb2 Qxb4 30. Rf1 a5 31. d6 Rc1 32. d7
Rxf1+ 33. Kxf1 Rd8 34. Qe5 Kh7 35. Rc2 Nd4 36. Rc1 Rxd7 37. Qe4 Nb3 38. Qc6
Rd6 39. Nd5 Rxc6 0-1

[Event "8th ch-Euro"]
[Site "Dresden GER"]
[Date "2007.04.07"]
[Round "5"]
[White "Estremera Panos,S"]
[Black "Kaphle,Se"]
[Result "1/2-1/2"]
[WhiteElo "2386"]
[BlackElo "2010"]
[EventDate "2007.04.03"]

1. d4 Nf6 2. c4 c5 3. d5 e6 4. Nc3 exd5 5. cxd5 d6 6. e4 g6 7. h3 Bg7 8.
Nf3 O-O 9. Bd3 Nbd7 10. O-O Re8 11. Re1 Nh5 12. Be3 Ne5 13. Be2 Nxf3+ 14.
Bxf3 Nf6 15. Bf4 a6 16. Qd2 b5 17. e5 Nd7 18. exd6 Ne5 19. Bxe5 Bxe5 20.
Ne4 c4 21. Re2 Bd7 22. Rae1 Qb6 23. Qh6 Bg7 24. Qf4 Qd4 25. Rd2 Qe5 26.
Qxe5 Bxe5 27. Rde2 Rac8 28. Nc5 Rxc5 29. Rxe5 Rd8 30. a3 Kg7 31. Re7 a5 32.
R1e4 Bf5 33. Rc7 Rxd5 34. Ree7 R5xd6 35. Rxf7+ Kg8 36. Rg7+ Kf8 37. Bc6
Rxc6 38. Rcf7+ Ke8 39. Re7+ 1/2-1/2

[Event "8th ch-Euro"]
[Site "Dresden GER"]
[Date "2007.04.07"]
[Round "5"]
[White "Katte,N"]
[Black "Moor,R"]
[Result "0-1"]
[WhiteElo "1928"]
[BlackElo "2385"]
[EventDate "2007.04.03"]

1. d4 Nf6 2. Nf3 g6 3. e3 Bg7 4. Bd3 c5 5. Nbd2 b6 6. c3 O-O 7. Qb3 d5 8.
Qd1 Nc6 9. Ne5 Nxe5 10. dxe5 Ng4 11. f4 Nxe3 12. Qf3 Nf5 13. g4 Nh6 14. f5
Qc7 15. O-O gxf5 16. gxf5 Qxe5 17. Nc4 dxc4 18. Bf4 Bb7 19. Qxb7 Qf6 20.
Qg2 Kh8 21. Bc2 Rg8 22. Bg5 Qxg5 23. Qxg5 Bd4+ 24. cxd4 Rxg5+ 25. Kh1 cxd4
26. Be4 Rd8 27. Rac1 b5 28. a4 a6 29. axb5 axb5 30. Bc6 Rxf5 31. Rxf5 Nxf5
32. Bxb5 d3 33. Bxc4 d2 34. Rd1 Ne3 35. Be2 Nxd1 0-1

[Event "8th ch-Euro"]
[Site "Dresden GER"]
[Date "2007.04.07"]
[Round "5"]
[White "Ringoir,T"]
[Black "Gutman,L"]
[Result "0-1"]
[WhiteElo "2200"]
[BlackElo "2464"]
[EventDate "2007.04.03"]

1. e4 g6 2. d4 Bg7 3. Nf3 c6 4. Nc3 d6 5. a4 a5 6. Be3 Nf6 7. h3 Na6 8. Be2
O-O 9. O-O Kh8 10. e5 Ng8 11. Ne4 d5 12. Ng3 f6 13. exf6 exf6 14. c3 Nc7
15. Bd3 Ne6 16. Qd2 f5 17. Ne2 Nf6 18. Ne5 Ne4 19. Bxe4 fxe4 20. Nf4 Nxf4
21. Bxf4 Qh4 22. Bg5 Qh5 23. Qe3 Bxh3 24. Be7 Rfe8 25. Qg5 Qxg5 26. Bxg5
Be6 27. f3 h6 28. Bh4 g5 29. Bg3 exf3 30. Rxf3 Kg8 31. Raf1 Ra6 32. Nd3 Bg4
33. R3f2 Re3 34. Nc5 Ra8 35. Bc7 b5 36. Ra1 b4 37. Rc1 h5 38. Nb3 bxc3 39.
bxc3 Re7 40. Bxa5 Rea7 41. Bb4 Rxa4 42. Be7 Kh7 43. Bxg5 Kg6 44. Bf4 Ra2
45. Rxa2 Rxa2 46. Nd2 Bf5 47. Kf2 h4 48. Ke3 Kh5 49. Kf3 Bg4+ 50. Ke3 Bf5
51. Kf3 Bf6 52. Be3 Be7 53. c4 Ba3 54. Rf1 Bg4+ 55. Kf2 Bb4 56. Ke1 dxc4
57. Rf6 Bd7 58. Rh6+ Kg4 59. Kd1 c3 60. Rg6+ Kf5 61. Rg5+ Ke6 62. Nb3 c2+
0-1

[Event "8th ch-Euro"]
[Site "Dresden GER"]
[Date "2007.04.07"]
[Round "5"]
[White "Berg,K"]
[Black "Kayser,Fe"]
[Result "0-1"]
[WhiteElo "2406"]
[BlackElo "2194"]
[EventDate "2007.04.03"]

1. d4 d5 2. c4 dxc4 3. Nf3 Nf6 4. e3 e6 5. Bxc4 a6 6. O-O c5 7. Bb3 b5 8.
a4 Bb7 9. axb5 axb5 10. Rxa8 Bxa8 11. Qe2 c4 12. Bc2 Nbd7 13. e4 Be7 14.
Bg5 O-O 15. Nbd2 Re8 16. Ra1 h6 17. Bh4 Bb7 18. e5 Nd5 19. Bxe7 Rxe7 20.
Ne4 Nb4 21. Bb1 Nf8 22. Nd6 Bc6 23. Ra3 Qb8 24. Qd2 Nd5 25. Ra6 Bb7 26.
Nxb7 Rxb7 27. Qa5 Nc7 28. Rc6 Ra7 29. Qb4 Qb7 30. Rd6 Nd5 31. Qe1 Qa8 32.
Nd2 Ra1 33. g3 Qa5 34. Qc1 c3 35. bxc3 Nxc3 36. Kg2 Nxb1 37. Nb3 Qa3 38.
Qd1 Ra2 39. Nc5 Nc3 40. Qf3 Qa8 41. Nb7 Nd5 0-1

[Event "8th ch-Euro"]
[Site "Dresden GER"]
[Date "2007.04.07"]
[Round "5"]
[White "Lochte,T"]
[Black "Zeller,F"]
[Result "0-1"]
[WhiteElo "2221"]
[BlackElo "2430"]
[EventDate "2007.04.03"]

1. e4 c5 2. d4 cxd4 3. c3 d3 4. Bxd3 e6 5. Nf3 d6 6. O-O Nf6 7. h3 Nbd7 8.
Bf4 Be7 9. Nbd2 O-O 10. Qe2 e5 11. Be3 b6 12. Rfd1 Bb7 13. c4 Re8 14. b4
Qc7 15. Rac1 a5 16. a3 axb4 17. axb4 Ra4 18. Rb1 Rea8 19. Rdc1 h6 20. g4
Ra2 21. g5 Nxe4 22. gxh6 Nxd2 23. Nxd2 Qc6 24. f3 g6 25. c5 bxc5 26. bxc5
Nxc5 27. Bxc5 dxc5 28. Be4 Qd6 29. Rxb7 Rxd2 30. Qc4 Qf6 31. h7+ Kg7 32.
h8=Q+ Rxh8 0-1

[Event "8th ch-Euro"]
[Site "Dresden GER"]
[Date "2007.04.07"]
[Round "5"]
[White "Degtiarev,E"]
[Black "Kregelin,J"]
[Result "1-0"]
[WhiteElo "2393"]
[BlackElo "2181"]
[EventDate "2007.04.03"]

1. d4 Nf6 2. c4 e6 3. Nf3 d5 4. Nc3 Be7 5. cxd5 exd5 6. Bf4 c6 7. e3 Bf5 8.
h3 Nbd7 9. Bd3 Bg6 10. O-O O-O 11. Bxg6 hxg6 12. Qc2 Re8 13. Rab1 Nf8 14.
b4 a6 15. Na4 Ne6 16. Bh2 Bd6 17. Ne5 Bxe5 18. Bxe5 Nd7 19. Bh2 Nb6 20. Nc5
Qe7 21. Qc3 Ng5 22. Rfe1 Ne4 23. Nxe4 Qxe4 24. f3 Qf5 25. Bc7 Nd7 26. Rb2
Rac8 27. Bg3 Re6 28. Bf2 Rce8 29. Rbe2 Nf6 30. a4 Qg5 31. Kf1 Qf5 32. b5
axb5 33. axb5 Kh7 34. Ra2 cxb5 35. Qc2 Qg5 36. Rb2 Rc6 37. Qb1 Rec8 38.
Rxb5 Rc2 39. g4 Nh5 40. Rb2 Rxb2 41. Qxb2 Nf6 42. h4 Qh6 43. g5 Qh5 44. Kg2
Ng8 45. Qxb7 Rc2 46. Rh1 1-0

[Event "8th ch-Euro"]
[Site "Dresden GER"]
[Date "2007.04.07"]
[Round "5"]
[White "Janda,Z"]
[Black "Bruned,Y"]
[Result "1/2-1/2"]
[WhiteElo "2180"]
[BlackElo "2335"]
[EventDate "2007.04.03"]

1. d4 Nf6 2. c4 e6 3. Nf3 b6 4. g3 Ba6 5. b3 Bb4+ 6. Bd2 Be7 7. Bg2 c6 8.
O-O d5 9. Ne5 Nfd7 10. Nxd7 Nxd7 11. cxd5 cxd5 12. Bf4 O-O 13. Re1 Rc8 14.
Nd2 Bb4 15. Be3 Nf6 16. f3 Qe7 17. Bf2 Bc3 18. Rc1 Qb4 19. a3 Qa5 20. Be3
Qxa3 21. Nb1 Qb2 22. Nxc3 Rxc3 23. Rxc3 Qxc3 24. Kf2 Bb7 25. Qb1 Qb4 26.
Rc1 Qe7 27. Bf4 Rc8 28. Rxc8+ Bxc8 29. Qc2 Qd7 30. Qc7 Qxc7 31. Bxc7 Nd7
32. e4 Bb7 33. e5 f5 34. Bf1 Kf7 35. g4 Nf8 36. Kg3 Ng6 37. b4 Ne7 38. b5
Ba8 39. Bb8 Nc8 40. gxf5 exf5 41. Kf4 g6 42. h4 Bb7 43. Bd3 h6 44. h5 g5+
45. Kxf5 Ne7+ 46. Kg4 Bc8+ 47. Kg3 Nf5+ 48. Bxf5 Bxf5 49. Bxa7 Bd3 1/2-1/2

[Event "8th ch-Euro"]
[Site "Dresden GER"]
[Date "2007.04.07"]
[Round "5"]
[White "Buchal,S"]
[Black "Windelband,J"]
[Result "1-0"]
[WhiteElo "2393"]
[BlackElo "2174"]
[EventDate "2007.04.03"]

1. e4 e6 2. d4 d5 3. e5 c5 4. c3 Nc6 5. Nf3 Qb6 6. Be2 Nh6 7. Bxh6 gxh6 8.
Qd2 Bg7 9. O-O O-O 10. Na3 cxd4 11. cxd4 f6 12. exf6 Rxf6 13. Nc2 Bd7 14.
b4 Raf8 15. b5 Ne7 16. Ne5 Be8 17. g3 h5 18. a4 Nc8 19. Bd3 Kh8 20. Rae1
Nd6 21. Qc3 Nf7 22. a5 Qd8 23. f4 Nxe5 24. dxe5 R6f7 25. Nd4 Rc7 26. Qd2
Bd7 27. Kh1 Qb8 28. Bb1 Qe8 29. b6 axb6 30. axb6 Rc4 31. Qd3 Rf5 32. Rc1
Rb4 33. Qc3 Rc4 34. Qd3 Rb4 35. Rc7 Rxb6 36. Rfc1 Bf8 37. Nxf5 exf5 38. Qd4
Rb4 39. Qc3 Bc6 40. Qd3 Re4 41. Qd1 Qg6 42. Bxe4 fxe4 43. Qd4 Kg8 44. Ra1
Qg4 45. e6 Qf3+ 46. Kg1 1-0

[Event "8th ch-Euro"]
[Site "Dresden GER"]
[Date "2007.04.07"]
[Round "5"]
[White "Geske,J"]
[Black "Eisenbeiser,A"]
[Result "0-1"]
[WhiteElo "2139"]
[BlackElo "2329"]
[EventDate "2007.04.03"]

1. e4 c5 2. Nf3 e6 3. Nc3 a6 4. d4 b5 5. d5 d6 6. Bg5 Qc7 7. Be2 Nd7 8. O-O
Ngf6 9. Re1 Be7 10. Bf1 O-O 11. Qd2 Bb7 12. Rad1 Rfe8 13. a3 Bf8 14. dxe6
Rxe6 15. Nd5 Nxd5 16. exd5 Rxe1 17. Qxe1 Nb6 18. Qe4 Qd7 19. c4 Re8 20. Qh4
h6 21. Be3 bxc4 22. Bxc4 Be7 23. Qe4 Bg5 24. Qd3 Bxe3 25. fxe3 Nxc4 26.
Qxc4 Rxe3 27. Kf2 Qe7 28. Rd2 Qe4 29. Qxe4 Rxe4 30. Rd3 g6 31. g3 Kg7 32.
Nd2 Re5 33. Nc4 Rxd5 34. Rxd5 Bxd5 35. Nxd6 Kf6 36. Ke3 Ke6 37. Nc8 Bb3 38.
h4 Kd7 39. Nb6+ Kc7 0-1

[Event "8th ch-Euro"]
[Site "Dresden GER"]
[Date "2007.04.07"]
[Round "5"]
[White "Dinger,F"]
[Black "Zelbel,P"]
[Result "1-0"]
[WhiteElo "2286"]
[BlackElo "2123"]
[EventDate "2007.04.03"]

1. e4 c5 2. Nf3 d6 3. d4 cxd4 4. Nxd4 Nf6 5. Nc3 a6 6. Bc4 e6 7. Bb3 b5 8.
Qf3 Qc7 9. Bg5 Be7 10. O-O-O Nbd7 11. e5 Bb7 12. Qh3 Nxe5 13. Bxe6 fxe6 14.
Nxe6 Qc8 15. Nxg7+ Kf7 16. Nf5 Qd7 17. Rhe1 Bc8 18. Rxe5 dxe5 19. Rxd7 Bxd7
20. Bxf6 Bxf6 21. Nd5 Bg5+ 22. f4 Bxf4+ 23. Kb1 Rad8 24. Qh4 Ke6 25. Qf6+
Kxd5 26. Qd6+ Kc4 27. b3+ Kc3 28. a3 1-0

[Event "8th ch-Euro"]
[Site "Dresden GER"]
[Date "2007.04.07"]
[Round "5"]
[White "Jahnel,G"]
[Black "Minescu,D"]
[Result "1-0"]
[WhiteElo "2303"]
[BlackElo "2164"]
[EventDate "2007.04.03"]

1. d4 Nf6 2. c4 c5 3. d5 e5 4. Nc3 d6 5. e4 Be7 6. h3 O-O 7. Nf3 a6 8. a4
Ne8 9. g4 b6 10. Bd3 Kh8 11. Ne2 Nd7 12. Bd2 Ndf6 13. Ng3 g6 14. Qc2 Ng7
15. a5 Bd7 16. axb6 Qxb6 17. Ba5 Qb7 18. Bc3 Qc7 19. Ra3 Rfb8 20. Kf1 Rb7
21. Kg2 Qb8 22. Rha1 Rb6 23. Qd2 Ng8 24. Ne1 Bh4 25. f4 Bxg3 26. Kxg3 f6
27. Nf3 h6 28. fxe5 fxe5 29. Rf1 Qe8 30. b4 cxb4 31. Bxb4 g5 32. c5 dxc5
33. Bc3 Ne7 34. Nxe5 Bb5 35. Nf7+ Kg8 36. d6 Nef5+ 37. gxf5 Qxf7 38. e5
Nh5+ 39. Kh2 Nf4 40. Bxb5 Rxb5 41. Rxf4 gxf4 42. Qg2+ 1-0

[Event "8th ch-Euro"]
[Site "Dresden GER"]
[Date "2007.04.07"]
[Round "5"]
[White "Sondermann,J"]
[Black "Loew,G"]
[Result "1-0"]
[WhiteElo "2154"]
[BlackElo "2285"]
[EventDate "2007.04.03"]

1. e4 c5 2. Nf3 g6 3. d4 cxd4 4. Qxd4 Nf6 5. e5 Nc6 6. Qa4 Nd5 7. Qe4 Nc7
8. Nc3 Bg7 9. Bf4 b6 10. O-O-O Bb7 11. Qe3 h6 12. Bc4 Na5 13. Be2 Ne6 14.
Bb5 Bc6 15. Nd4 Qc7 16. Nxe6 dxe6 17. b4 Nb7 18. Rd4 a6 19. Rc4 Nd8 20.
Bxc6+ Nxc6 21. Qe4 Rc8 22. b5 axb5 23. Nxb5 Qb7 24. Nd4 Nxd4 25. Qxb7 Rxc4
26. Qb8+ Kd7 27. Qa7+ Kc6 28. Qa6 Ne2+ 29. Kd2 Rxf4 30. Qxe2 Rd8+ 31. Kc1
Rfd4 32. g3 g5 33. Qf3+ Kc7 34. Qxf7 Bxe5 35. Qxe7+ R8d7 36. Qxe6 Bd6 37.
c3 Ba3+ 38. Kc2 R4d6 39. Qe5 Kb7 40. Qe4+ Kb8 41. Qe5 Bc5 42. Re1 1-0

[Event "8th ch-Euro"]
[Site "Dresden GER"]
[Date "2007.04.07"]
[Round "5"]
[White "Huschenbeth,N"]
[Black "Almond,R"]
[Result "1-0"]
[WhiteElo "2259"]
[BlackElo "2109"]
[EventDate "2007.04.03"]

1. e4 d5 2. exd5 Qxd5 3. Nc3 Qa5 4. d4 c6 5. Bc4 Bf5 6. Bd2 e6 7. Qf3 Nd7
8. O-O-O Qc7 9. g4 Bg6 10. Nge2 Bd6 11. Nf4 Nb6 12. Bb3 Ne7 13. Bxe6 fxe6
14. Nxe6 Qd7 15. Nxg7+ Kd8 16. Rhe1 Kc8 17. h4 Ned5 18. Ne6 h5 19. g5 Nxc3
20. Qxc3 Nd5 21. Qf3 b5 22. a4 a6 23. Qh3 Re8 24. f4 Ne7 25. d5 Bf5 26.
dxc6 Qxc6 27. Qb3 bxa4 28. Qc3 Bxe6 29. Rxe6 Kd7 30. Qh3 Rac8 31. Bc3 Nf5
32. Rexd6+ Qxd6 33. Qxf5+ Re6 34. Rxd6+ Kxd6 35. Bb4+ Kd7 36. Qf7+ 1-0

[Event "8th ch-Euro"]
[Site "Dresden GER"]
[Date "2007.04.07"]
[Round "5"]
[White "Boettger,L"]
[Black "Nagatz,F"]
[Result "1/2-1/2"]
[WhiteElo "2096"]
[BlackElo "2276"]
[EventDate "2007.04.03"]

1. d4 Nf6 2. c4 g6 3. Nc3 d5 4. Nf3 Bg7 5. Qb3 dxc4 6. Qxc4 O-O 7. e4 Bg4
8. Ne5 Bc8 9. Be2 b6 10. Qa4 Bb7 11. f3 c5 12. Be3 cxd4 13. Bxd4 Nc6 14.
Nxc6 Bxc6 15. Qd1 b5 16. a3 Qb8 17. Qb3 a6 18. Be3 Nh5 19. g3 Kh8 20. O-O-O
Qc7 21. Kb1 Rab8 22. Nd5 Qb7 23. Rc1 a5 24. Rhd1 e6 25. Nf4 Nxf4 26. gxf4
Rfd8 27. Rxd8+ Rxd8 28. Rd1 Rc8 29. h4 Kg8 30. h5 a4 31. Qb4 Bf8 32. Qd4 b4
33. hxg6 hxg6 34. Rh1 e5 35. fxe5 bxa3 36. e6 Bg7 37. exf7+ Qxf7 38. Bc4
Bxe4+ 39. fxe4 Qxc4 40. Qxc4+ Rxc4 41. bxa3 Rxe4 42. Bc5 Bf6 43. Bb4 Kg7
44. Kc2 g5 45. Kd3 Rd4+ 46. Ke3 Rxb4 47. axb4 a3 48. Ke4 1/2-1/2

[Event "8th ch-Euro"]
[Site "Dresden GER"]
[Date "2007.04.07"]
[Round "5"]
[White "Luechtemeier,P"]
[Black "Schiefner,R"]
[Result "0-1"]
[WhiteElo "2270"]
[BlackElo "2047"]
[EventDate "2007.04.03"]

1. Nf3 f5 2. d3 d6 3. e4 e5 4. Nc3 Nf6 5. d4 exd4 6. Qxd4 fxe4 7. Nxe4 Qe7
8. Bd3 d5 9. Bg5 dxe4 10. O-O-O Nc6 11. Bb5 Bd7 12. Bxc6 Bxc6 13. Rhe1 Rd8
14. Qc3 Rxd1+ 15. Rxd1 exf3 16. Re1 fxg2 17. Rxe7+ Bxe7 18. Qe1 Kf7 19. f3
Bc5 0-1

[Event "8th ch-Euro"]
[Site "Dresden GER"]
[Date "2007.04.07"]
[Round "5"]
[White "Magar,J"]
[Black "Graf,F"]
[Result "0-1"]
[WhiteElo "2093"]
[BlackElo "2249"]
[EventDate "2007.04.03"]

1. e4 e6 2. d4 d5 3. Nd2 Nf6 4. e5 Nfd7 5. Bd3 c5 6. c3 Nc6 7. Ne2 cxd4 8.
cxd4 f6 9. exf6 Nxf6 10. O-O Bd6 11. Nf3 Qc7 12. Bg5 O-O 13. Ng3 Bd7 14.
Rc1 h6 15. Bd2 Qb6 16. Be3 Ng4 17. Bb1 Nxe3 18. fxe3 Ne7 19. a3 Nf5 20.
Nxf5 exf5 21. Nh4 Qxb2 22. Nxf5 Bxf5 23. Bxf5 Qxa3 24. Qf3 Kh8 25. Ra1 Rxf5
26. Qxf5 Qxe3+ 27. Kh1 Qxd4 28. Rad1 Qh4 29. Qh3 Qxh3 30. gxh3 Bc5 31. Rxd5
b6 32. Rf7 a5 33. Rdd7 Re8 34. Kg2 Re1 35. Rd8+ Kh7 36. Ra7 Re7 37. Raa8
Re2+ 38. Kg3 Re3+ 39. Kg2 Re2+ 40. Kg3 Bg1 41. Rac8 Bxh2+ 42. Kg4 Re4+ 43.
Kf3 Re6 44. Rh8+ Kg6 45. Rc2 Be5 46. Rg2+ Kf7 47. h4 Bf6 48. Rg4 Rd6 49.
Rb8 h5 50. Rc4 Kg6 51. Re4 Rd3+ 52. Ke2 Rb3 53. Re6 b5 54. Ra6 a4 55. Ra5
a3 0-1

[Event "8th ch-Euro"]
[Site "Dresden GER"]
[Date "2007.04.07"]
[Round "5"]
[White "Yaksin,O"]
[Black "Grosse,Man"]
[Result "1-0"]
[WhiteElo "2236"]
[BlackElo "1923"]
[EventDate "2007.04.03"]

1. d4 b5 2. e4 Bb7 3. Nd2 a6 4. Ngf3 e6 5. Bd3 c5 6. c3 cxd4 7. cxd4 Nc6 8.
O-O Nb4 9. Bb1 Nf6 10. Re1 d5 11. e5 Ne4 12. Nxe4 dxe4 13. Rxe4 Rc8 14. a3
Bxe4 15. Bxe4 Nd5 16. h4 Be7 17. Ng5 Bxg5 18. hxg5 g6 19. g3 Rc4 20. Bd3
Rc6 21. Kg2 Qc8 22. Bd2 O-O 23. Qh1 Rc2 24. Rd1 Rxb2 25. Qh6 Rxd2 26. Rh1
Nf4+ 27. gxf4 Qc6+ 28. Kg1 Qxh1+ 29. Qxh1 Rxd3 30. Qc6 Rxd4 31. Qxa6 Rxf4
32. Qxb5 Rg4+ 33. Kf1 Rxg5 34. a4 f6 35. a5 Rxe5 36. Qb6 Rc8 37. a6 Rc1+
38. Kg2 Ra1 39. a7 Rg5+ 40. Kh2 Rga5 41. Qxe6+ Kg7 42. Qe7+ Kh6 43. Qxf6
Rh5+ 44. Kg3 Rg5+ 45. Kh2 Rxa7 46. Qf8+ Rg7 47. Qf4 Rg8 48. Kh3 Re8 49. Kh4
Re4 50. Qxe4 Rf5 51. Qe7 Rh5+ 52. Kg4 Rf5 53. f4 Rf6 54. Kf3 Rf5 55. Ke4
Rb5 56. Qf8+ Kh5 57. Qg7 Rb4+ 58. Kf3 Rb3+ 59. Kg2 h6 60. Qe5+ Kh4 61. Qf6+
Kh5 62. f5 Rg3+ 1-0

[Event "8th ch-Euro"]
[Site "Dresden GER"]
[Date "2007.04.07"]
[Round "5"]
[White "Bakker,S"]
[Black "Hesselbarth,K"]
[Result "1-0"]
[WhiteElo "2232"]
[BlackElo "1929"]
[EventDate "2007.04.03"]

1. d4 Nf6 2. c4 e6 3. Nc3 d5 4. cxd5 exd5 5. Bg5 Be7 6. e3 O-O 7. Bd3 Nbd7
8. Nf3 Re8 9. h3 Nf8 10. Qc2 g6 11. O-O Ne6 12. Bxf6 Bxf6 13. b4 Ng7 14. b5
Bf5 15. Rfc1 Bxd3 16. Qxd3 Ne6 17. Rab1 Ng5 18. Nxg5 Bxg5 19. Qe2 Qd7 20.
Qf3 Rad8 21. Rc2 Re6 22. Na4 Be7 23. Nc5 Bxc5 24. Rxc5 Qd6 25. Rbc1 Rd7 26.
Qd1 Qb6 27. Qb3 Red6 28. Qc3 Kg7 29. a4 a5 30. Rxc7 Kf6 31. Rxd7 Rxd7 32.
Qc8 Qd6 33. Rc5 Ke7 34. e4 Qf4 35. Rxd5 Rxd5 36. exd5 Qxd4 37. Qxb7+ Kd6
38. Qb8+ Kd7 39. b6 1-0

[Event "8th ch-Euro"]
[Site "Dresden GER"]
[Date "2007.04.07"]
[Round "5"]
[White "Rahls,P"]
[Black "Kostopoulos,E"]
[Result "1-0"]
[WhiteElo "2336"]
[BlackElo "2103"]
[EventDate "2007.04.03"]

1. e4 c5 2. c3 d5 3. exd5 Qxd5 4. d4 Nf6 5. Nf3 Bg4 6. Be2 e6 7. h3 Bh5 8.
O-O Nc6 9. Be3 cxd4 10. cxd4 Be7 11. Nc3 Qa5 12. a3 O-O 13. b4 Qd8 14. Qb3
Rc8 15. Rfd1 Nd5 16. Rac1 Bf6 17. Ne4 Bg6 18. Nxf6+ Nxf6 19. Bg5 Be4 20.
Qe3 Bg6 21. Ne5 Nxe5 22. dxe5 Nd5 23. Bxd8 Nxe3 24. Rxc8 Nxd1 25. Bxd1 1-0

[Event "8th ch-Euro"]
[Site "Dresden GER"]
[Date "2007.04.07"]
[Round "5"]
[White "Van Hoolandt,P"]
[Black "Godoj,V"]
[Result "1-0"]
[WhiteElo "2257"]
[BlackElo "2113"]
[EventDate "2007.04.03"]

1. d4 d5 2. c4 e6 3. Nf3 Nf6 4. Nc3 Be7 5. Qc2 O-O 6. cxd5 exd5 7. Bg5 c6
8. e3 Re8 9. Bd3 Nbd7 10. O-O Nf8 11. h3 Bd6 12. Rae1 h6 13. Bxf6 Qxf6 14.
e4 dxe4 15. Nxe4 Qd8 16. Nxd6 Rxe1 17. Rxe1 Qxd6 18. Re8 g6 19. Ne5 Kg7 20.
Qc5 Qxc5 21. dxc5 Nh7 22. Nc4 1-0

[Event "8th ch-Euro"]
[Site "Dresden GER"]
[Date "2007.04.07"]
[Round "5"]
[White "Kongevold,H"]
[Black "Muehle,H"]
[Result "1-0"]
[WhiteElo "2178"]
[BlackElo "1944"]
[EventDate "2007.04.03"]

1. c4 e5 2. Nc3 Nf6 3. g3 Bc5 4. Bg2 Nc6 5. e3 O-O 6. Nge2 d6 7. O-O h6 8.
a3 a5 9. Nd5 Nxd5 10. cxd5 Ne7 11. d4 exd4 12. Nxd4 Nf5 13. Nc2 Bd7 14. e4
Ne7 15. Be3 Bxe3 16. Nxe3 f5 17. exf5 Nxf5 18. Nxf5 Bxf5 19. Rc1 Qd7 20.
Qd2 Rfc8 21. Qc3 Bh3 22. Bxh3 Qxh3 23. Rfe1 Qd7 24. Re3 c5 25. Rce1 b5 26.
Re7 Qg4 27. h3 Qg5 28. h4 Qf6 29. Qc2 Rf8 30. R1e6 Qf3 31. Rxg7+ Kxg7 32.
Qg6+ Kh8 33. Qxh6+ Kg8 34. Qg5+ Kf7 35. Qg6+ 1-0

[Event "8th ch-Euro"]
[Site "Dresden GER"]
[Date "2007.04.07"]
[Round "5"]
[White "Kuehner,C"]
[Black "Schnoor,E"]
[Result "1/2-1/2"]
[WhiteElo "2135"]
[BlackElo "1905"]
[EventDate "2007.04.03"]

1. c4 Nf6 2. Nc3 g6 3. e4 d6 4. g3 Bg7 5. Bg2 O-O 6. d3 e5 7. Nge2 Nc6 8.
O-O Nh5 9. Be3 f5 10. Qd2 Nd4 11. Bg5 Bf6 12. Bxf6 Qxf6 13. Nxd4 exd4 14.
Nd5 Qd8 15. exf5 Bxf5 16. Rfe1 Rf7 17. Nf4 Nf6 18. Bxb7 Rb8 19. Be4 Bxe4
20. dxe4 c5 21. Nd3 Ng4 22. f4 Ne3 23. b3 Re7 24. Nf2 Qe8 25. Qd3 Rb6 26.
Re2 a5 27. Rae1 a4 28. Rxe3 dxe3 29. Rxe3 axb3 30. axb3 Qb8 31. Ng4 Reb7
32. Qd5+ Kg7 33. Qe6 Qf8 34. f5 Rxb3 35. f6+ Kh8 36. Rxb3 Rxb3 37. Nh6 Rb7
38. g4 Ra7 39. e5 dxe5 40. Qxe5 Ra8 41. g5 1/2-1/2

[Event "8th ch-Euro"]
[Site "Dresden GER"]
[Date "2007.04.07"]
[Round "5"]
[White "Gnirk,T"]
[Black "Bruned,V"]
[Result "1-0"]
[WhiteElo "2131"]
[BlackElo "1945"]
[EventDate "2007.04.03"]

1. e4 c5 2. c3 Nc6 3. d4 cxd4 4. cxd4 d5 5. exd5 Qxd5 6. Nf3 Bg4 7. Be2 e6
8. O-O Nf6 9. Nc3 Qd8 10. Be3 Be7 11. h3 Bf5 12. Qb3 Qc8 13. Rac1 O-O 14.
Nh4 Be4 15. Nxe4 Nxe4 16. Nf3 Rd8 17. Ne5 Rd6 18. Bb5 Qe8 19. Qa4 a6 20.
Bxc6 bxc6 21. Rxc6 Rxc6 22. Qxc6 Qxc6 23. Nxc6 Bd6 24. Rc1 Nf6 25. Kf1 Nd5
26. Ke2 Kf8 27. Ne5 Ke7 28. Bd2 f6 29. Nc4 Bf4 30. Bxf4 Nxf4+ 31. Kf3 Nd3
32. Rc3 Nb4 33. Rb3 Nxa2 34. Rb7+ Kf8 35. Na5 Rc8 36. Rb6 Rc2 37. Rxe6 Rxb2
38. Rxa6 Rb5 39. Nc4 Nb4 40. Rb6 Nc2 41. Ke4 f5+ 42. Kf4 Rxb6 43. Nxb6 Nxd4
44. Ke5 Nc6+ 45. Kxf5 Kf7 46. Nc4 Ne7+ 47. Ke4 Ke6 48. f4 g6 49. g4 Ng8 50.
f5+ Kf6 51. Kf4 Ne7 52. g5+ Kf7 53. Ne5+ Kf8 54. f6 Nf5 55. Nf3 Kf7 56.
Ne5+ Kf8 57. Ke4 h6 58. Nxg6+ Kg8 59. Kxf5 hxg5 60. Ke6 1-0

[Event "8th ch-Euro"]
[Site "Dresden GER"]
[Date "2007.04.07"]
[Round "5"]
[White "Calder,D"]
[Black "Baer,So"]
[Result "1/2-1/2"]
[WhiteElo "2009"]
[BlackElo "2121"]
[EventDate "2007.04.03"]

1. d4 e6 2. Nf3 c5 3. c4 cxd4 4. Nxd4 b6 5. Nc3 Nf6 6. Bf4 a6 7. e3 Bb7 8.
f3 d6 9. Bg5 Be7 10. Bd3 Nbd7 11. O-O O-O 12. Qe2 Rc8 13. Rac1 Re8 14. Bb1
Qc7 15. b3 Qb8 16. Na4 Bd8 17. Rfd1 Bc7 18. Qc2 d5 19. Bxf6 Nxf6 20. g4 g6
21. Qf2 dxc4 22. bxc4 e5 23. Ne2 e4 24. g5 Nh5 25. f4 Rcd8 26. Nac3 Qc8 27.
Qg2 Rxd1+ 28. Rxd1 Qf5 29. Nd5 Bxd5 30. Rxd5 Qe6 31. Nd4 Qe7 32. Nc6 Qa3
33. Qd2 Qa4 34. Ne5 Bxe5 35. fxe5 Qxc4 36. e6 fxe6 37. Rd8 Qb5 38. Rxe8+
Qxe8 39. Bxe4 Qe7 40. Qg2 Qc5 41. Kf2 Qe5 42. Bc2 Qd6 43. Ke2 Qc7 44. Bb3
Kf7 45. Qh3 Qe5 46. Qf3+ Ke8 47. Qc6+ Ke7 48. Qb7+ Ke8 49. Qc8+ 1/2-1/2